عرض عادي
عرض مارك
- Taylor, Carol,
مدخل إسم شخص
001 - رقم الضبط
- حقل الضبط: 5465
003 - معرف رقم الضبط
- حقل الضبط: OSt
005 - تاريخ ووقت أخر عملية
- حقل الضبط: 20111023154501.0
008 - عناصر بيانات ثابتة الطول
- حقل تحكم ثابت الطول: 111023|||a|||||| | ||| d
040 ## - مصدر الفهرسة
- هيئة الفهرسة الأصلية: OSt
- وكالة الكتابة: OSt
100 ## - مدخل -- أسم شخص
- إسم شخص: Taylor, Carol,
- العنوان و الكلمات الأخري المرتبطة بالأسم: CSFN.
670 ## - بيانات المصدر موجوده
- الاستشهاد بالمصدر: Work cat.: (OSt)739: Taylor, Carol, CSFN., Fundamentals of nursing :, c2001.
